| 000 | 00445nam a2200181Ia 4500 | ||
|---|---|---|---|
| 008 | 210719s1971 xx 000 0 und d | ||
| 020 | _a712113517 | ||
| 041 | _aeng | ||
| 082 | _a658.1511 BATM | ||
| 100 | _aBATTY (J) | ||
| 245 | _aManagement accountancy. Ed 3. | ||
| 250 | _a3 | ||
| 260 |
_aLondon. _bE L B S, _c1971 |
||
| 300 |
_axvii,814 _bHB |
||
| 365 | _cRs | ||
| 650 | _aManagement Accounting | ||
| 906 | _aManagement Accounting | ||
| 999 |
_c212230 _d212230 |
||